[Event "Hradec Kralove op 11th"]
[Site "Hradec Kralove"]
[Date "2021.11.09"]
[Round "5"]
[White "Smietanska, Wiktoria"]
[Black "Marinc, Damir"]
[Result "1/2-1/2"]
[WhiteElo "1777"]
[BlackElo "1906"]
[PlyCount "52"]
[EventDate "2021.11.06"]
[EventType "swiss"]
[EventRounds "9"]
[EventCountry "CZE"]
[SourceTitle "CBM 205 Extra"]
[Source "ChessBase"]
[SourceDate "2022.01.31"]
[SourceVersion "1"]
[SourceVersionDate "2022.01.31"]
[SourceQuality "1"]

1. e4 e5 2. Nf3 Qe7 3. Nc3 c6 4. d4 d6 5. Bc4 g6 6. 0-0 Nh6 7. dxe5 dxe5 8. Bg5 f6 9. Be3 Nf7 10. a4 Be6 11. Bc5 Qxc5 12. Bxe6 Qe7 13. Ba2 Na6 14. Qe2 Bh6 15. Rfd1 0-0 16. Bc4 Nc5 17. g3 Kh8 18. b4 Ne6 19. Na2 Rad8 20. c3 Nfg5 21. h4 Nf7 22. Nc1 Rxd1+ 23. Qxd1 Rd8 24. Qe2 Rd7 25. Nb3 Nfd8 26. Kg2 Bf8 1/2-1/2

[Event "Prague Summer op-B 8th"]
[Site "Prague"]
[Date "2021.08.08"]
[Round "4"]
[White "Marinc, Damir"]
[Black "Zimmer, Christian1111"]
[Result "1-0"]
[WhiteElo "1887"]
[BlackElo "1486"]
[PlyCount "57"]
[EventDate "2021.08.06"]
[EventType "swiss"]
[EventRounds "9"]
[EventCountry "CZE"]
[SourceTitle "EXT 2022"]
[Source "ChessBase"]
[SourceDate "2021.10.06"]
[SourceVersion "1"]
[SourceVersionDate "2021.10.06"]
[SourceQuality "1"]

1. b3 d5 2. Bb2 Nc6 3. d4 Bf5 4. a3 Nf6 5. Nd2 e6 6. Ngf3 Bd6 7. e3 Qe7 8. c4 Qd7 9. c5 Be7 10. Bb5 a6 11. Ne5 Qc8 12. Bxc6+ bxc6 13. g4 Bg6 14. h4 h5 15. Nxg6 fxg6 16. g5 Nd7 17. Qc2 Nf8 18. Nf3 Qb7 19. Ne5 Rb8 20. b4 a5 21. Bc3 axb4 22. axb4 Rg8 23. Ra5 Ra8 24. Rxa8+ Qxa8 25. 0-0 Kd8 26. Ra1 Qb7 27. Qa4 Kc8 28. Qa8+ Qb8 29. Qxc6 1-0

[Event "Guimaraes op 3rd"]
[Site "Guimaraes"]
[Date "2019.09.01"]
[Round "7"]
[White "Nieves Cabanes, Javier"]
[Black "Marinc, Damir"]
[Result "1-0"]
[WhiteElo "2211"]
[BlackElo "1895"]
[PlyCount "69"]
[EventDate "2019.08.28"]
[EventType "swiss"]
[EventRounds "7"]
[EventCountry "POR"]
[SourceTitle "EXT 2020"]
[Source "ChessBase"]
[SourceDate "2019.10.17"]
[SourceVersion "1"]
[SourceVersionDate "2019.10.17"]
[SourceQuality "1"]

1. Nf3 e6 2. c4 d5 3. d4 c6 4. Nc3 f5 5. Bf4 Nf6 6. e3 Be7 7. Bd3 0-0 8. h3 Ne4 9. g4 Kh8 10. gxf5 exf5 11. cxd5 Nxc3 12. bxc3 cxd5 13. h4 Nc6 14. Ng5 Bxg5 15. hxg5 g6 16. Rb1 Rf7 17. Qa4 a6 18. c4 Be6 19. c5 Qa5+ 20. Qxa5 Nxa5 21. Rb6 Re8 22. Kd2 Kg8 23. Kc3 Rd7 24. Rhb1 Rf7 25. Rd6 Rd7 26. Rxd7 Bxd7 27. Bc7 Nc4 28. Rxb7 Bb5 29. Kb4 Bc6 30. Ra7 Ra8 31. Rxa8+ Bxa8 32. Bxc4 dxc4 33. Kxc4 Kf7 34. d5 Bb7 35. c6 1-0

[Event "Prague op-B 18th"]
[Site "Prague"]
[Date "2019.01.13"]
[Round "4"]
[White "Marinc, Damir"]
[Black "Trefilik, Jiri"]
[Result "1-0"]
[WhiteElo "1920"]
[BlackElo "1513"]
[PlyCount "67"]
[EventDate "2019.01.11"]
[EventType "swiss"]
[EventRounds "9"]
[EventCountry "CZE"]
[SourceTitle "CBM 188 Extra"]
[Source "ChessBase"]
[SourceDate "2019.02.26"]
[SourceVersion "1"]
[SourceVersionDate "2019.02.26"]
[SourceQuality "1"]

1. b3 e5 2. Bb2 Nc6 3. d3 Nf6 4. Nf3 d6 5. g3 Be7 6. Bg2 Be6 7. 0-0 h6 8. e4 Qd7 9. Re1 0-0 10. Nc3 Bg4 11. Qd2 Rfe8 12. Nd5 Nxd5 13. exd5 Nd8 14. h4 c6 15. Nh2 Bf5 16. c4 cxd5 17. cxd5 Bf6 18. f4 b6 19. Nf3 Rc8 20. fxe5 dxe5 21. Nxe5 Qd6 22. Nc4 Rxe1+ 23. Qxe1 Qc5+ 24. d4 Bxd4+ 25. Bxd4 Qxd4+ 26. Kh2 Nb7 27. Rd1 Qf6 28. d6 Nc5 29. Ne3 Bd7 30. Nd5 Qe6 31. Qxe6 Bxe6 32. Ne7+ Kf8 33. Nxc8 Bxc8 34. Bc6 1-0

[Event "Bled op"]
[Site "Bled"]
[Date "2017.03.11"]
[Round "2"]
[White "Damjanovic, Vuk"]
[Black "Marinc, Damir"]
[Result "1-0"]
[WhiteElo "1655"]
[BlackElo "2013"]
[PlyCount "75"]
[EventDate "2017.03.10"]
[EventType "swiss"]
[EventRounds "5"]
[EventCountry "SLO"]
[SourceTitle "EXT 2019"]
[Source "ChessBase"]
[SourceDate "2018.10.10"]
[SourceVersion "1"]
[SourceVersionDate "2018.10.10"]
[SourceQuality "1"]

1. d4 e6 2. c4 f5 3. Nf3 Nf6 4. g3 c6 5. Bg2 d5 6. b3 Bb4+ 7. Bd2 Bd6 8. 0-0 Ne4 9. Nc3 Qf6 10. e3 0-0 11. Ne1 b6 12. Rc1 Nxc3 13. Bxc3 Ba6 14. Bb2 Nd7 15. Nd3 Rac8 16. Qd2 Qe7 17. Rc2 Rfd8 18. Rfc1 dxc4 19. bxc4 c5 20. d5 e5 21. e4 Rf8 22. exf5 Rxf5 23. Bh3 g6 24. Bxf5 gxf5 25. Qh6 Nf8 26. Qh5 e4 27. Re2 Qd7 28. Ne5 Bxe5 29. Bxe5 Ng6 30. Qg5 Re8 31. Bb2 b5 32. h4 bxc4 33. Bc3 Rf8 34. Rd2 Qd8 35. Qh6 Rf7 36. h5 Qf8 37. Qe3 Nh8 38. Qg5+ 1-0

[Event "Bled op"]
[Site "Bled"]
[Date "2017.03.11"]
[Round "3"]
[White "Dusak, Aljaz"]
[Black "Marinc, Damir"]
[Result "1-0"]
[WhiteElo "1984"]
[BlackElo "2013"]
[PlyCount "97"]
[EventDate "2017.03.10"]
[EventType "swiss"]
[EventRounds "5"]
[EventCountry "SLO"]
[SourceTitle "EXT 2019"]
[Source "ChessBase"]
[SourceDate "2018.10.10"]
[SourceVersion "1"]
[SourceVersionDate "2018.10.10"]
[SourceQuality "1"]

1. d4 Nf6 2. Nf3 d6 3. g3 Nbd7 4. Bg2 c6 5. c4 Qc7 6. h3 e5 7. dxe5 dxe5 8. Be3 Bb4+ 9. Nbd2 0-0 10. a3 Be7 11. 0-0 a5 12. Qc2 Re8 13. Rad1 b6 14. Nh4 Bf8 15. Bg5 g6 16. Nb1 Nh5 17. Nc3 Ra7 18. Na4 Nc5 19. Be3 Nxa4 20. Qxa4 Bd7 21. c5 b5 22. Qc2 f5 23. a4 bxa4 24. Qxa4 Nf6 25. Rd6 Nd5 26. Rxd5 cxd5 27. Bxd5+ Kg7 28. c6 Be6 29. Bxe6 Rxe6 30. Bxa7 Qxa7 31. Rd1 Kf6 32. Qc4 Bc5 33. Rd7 Bxf2+ 34. Kh1 Qe3 35. Nf3 Qe4 36. Qxe4 fxe4 37. Nd2 Bb6 38. Nxe4+ Kf5 39. Nd6+ Kg5 40. Kg2 e4 41. h4+ Kf6 42. Rf7+ Ke5 43. Nc4+ Kd4 44. Nxb6 Rxc6 45. Na4 Rc2 46. Kf2 Rc4 47. Rd7+ Ke5 48. Nc3 Rb4 49. Rd5+ 1-0

[Event "Prague Summer op-B 2nd"]
[Site "Prague"]
[Date "2015.08.11"]
[Round "6"]
[White "Marinc, Damir"]
[Black "Carlile, Orison"]
[Result "1/2-1/2"]
[WhiteElo "2016"]
[BlackElo "2054"]
[PlyCount "29"]
[EventDate "2015.08.07"]
[EventType "swiss"]
[EventRounds "9"]
[EventCountry "CZE"]
[SourceTitle "EXT 2017"]
[Source "ChessBase"]
[SourceDate "2016.10.25"]
[SourceVersion "1"]
[SourceVersionDate "2016.10.25"]
[SourceQuality "1"]

1. e4 e6 2. d3 d5 3. Nd2 Nf6 4. Ngf3 Nc6 5. g3 dxe4 6. dxe4 Bc5 7. Bg2 0-0 8. 0-0 e5 9. h3 Re8 10. c3 a5 11. a4 h6 12. Qc2 Be6 13. Nh4 Qd7 14. Kh2 Rad8 15. f4 1/2-1/2

[Event "Prague Summer op-B 2nd"]
[Site "Prague"]
[Date "2015.08.10"]
[Round "5"]
[White "Irving, Neil"]
[Black "Marinc, Damir"]
[Result "0-1"]
[WhiteElo "1801"]
[BlackElo "2016"]
[PlyCount "86"]
[EventDate "2015.08.07"]
[EventType "swiss"]
[EventRounds "9"]
[EventCountry "CZE"]
[SourceTitle "EXT 2017"]
[Source "ChessBase"]
[SourceDate "2016.10.25"]
[SourceVersion "1"]
[SourceVersionDate "2016.10.25"]
[SourceQuality "1"]

1. d4 d5 2. c4 c6 3. Nf3 Nf6 4. Qb3 dxc4 5. Qxc4 Be6 6. Qd3 Qb6 7. e4 Na6 8. Nc3 Rd8 9. Be2 g6 10. 0-0 Bg7 11. Be3 Qa5 12. Ng5 Bc8 13. e5 Nd5 14. e6 Bxe6 15. Nxe6 fxe6 16. Qe4 Nac7 17. Qf3 Nxc3 18. bxc3 Qf5 19. Qg3 Nd5 20. Bg4 Qf6 21. Rab1 b6 22. c4 Nc3 23. Rb3 Ne4 24. Qc7 0-0 25. Qxc6 e5 26. Qxe4 exd4 27. Qe6+ Kh8 28. Qxf6 Bxf6 29. Bh6 Rfe8 30. Be6 Rd6 31. Bf7 Red8 32. Bf4 Rc6 33. Bd5 Rc5 34. Rc1 b5 35. Ra3 bxc4 36. Be6 d3 37. Be3 Rc6 38. Bg4 c3 39. Rd1 c2 40. Rdxd3 c1Q+ 41. Bxc1 Rxc1+ 42. Rd1 Rdxd1+ 43. Bxd1 Rxd1# 0-1

[Event "Prague Summer op-B 2nd"]
[Site "Prague"]
[Date "2015.08.09"]
[Round "3"]
[White "Tikka, Erkki"]
[Black "Marinc, Damir"]
[Result "0-1"]
[WhiteElo "1816"]
[BlackElo "2016"]
[PlyCount "54"]
[EventDate "2015.08.07"]
[EventType "swiss"]
[EventRounds "9"]
[EventCountry "CZE"]
[SourceTitle "EXT 2017"]
[Source "ChessBase"]
[SourceDate "2016.10.25"]
[SourceVersion "1"]
[SourceVersionDate "2016.10.25"]
[SourceQuality "1"]

1. e4 e5 2. Nf3 Qe7 3. Nc3 Nf6 4. Bc4 h6 5. d3 d6 6. h3 c6 7. Be3 b5 8. Bb3 a5 9. a3 Na6 10. 0-0 Nc7 11. Bb6 Ne6 12. Bxe6 Bxe6 13. b4 a4 14. Ne2 g6 15. g4 h5 16. Ng5 hxg4 17. Nxe6 fxe6 18. Ng3 Qh7 19. Re1 Qxh3 20. Re3 Rb8 21. Ba5 Bh6 22. Qf1 Bxe3 23. Qxh3 Rxh3 24. Bc7 Rb7 25. Bxd6 Rxg3+ 26. Kf1 Rh3 27. Bxe5 Rh1+ 0-1

[Event "Sarajevo Bosna op 45th"]
[Site "Sarajevo"]
[Date "2015.05.31"]
[Round "2"]
[White "Marinc, Damir"]
[Black "Arda, Cagil Irmak"]
[Result "1-0"]
[WhiteElo "2021"]
[BlackElo "1822"]
[PlyCount "159"]
[EventDate "2015.05.30"]
[EventType "swiss"]
[EventRounds "9"]
[EventCountry "BIH"]
[SourceTitle "CBM 166 Extra"]
[Source "ChessBase"]
[SourceDate "2015.06.18"]
[SourceVersion "1"]
[SourceVersionDate "2015.06.18"]
[SourceQuality "1"]

1. e4 c6 2. d4 d5 3. exd5 cxd5 4. Bd3 Nc6 5. c3 Nf6 6. f3 g6 7. Ne2 Bg7 8. 0-0 Bf5 9. Bxf5 gxf5 10. Ng3 e6 11. Re1 0-0 12. Kh1 Ne7 13. Bg5 h6 14. Bd2 Ng6 15. Na3 Kh7 16. Nc2 Rg8 17. Nb4 Bf8 18. Nd3 Bd6 19. Ne2 Nh5 20. g3 Qc7 21. Rg1 Qe7 22. Qf1 f4 23. Qh3 Qg5 24. gxf4 Qh4 25. Qg4 f5 26. Qxh4 Nxh4 27. Ne1 Rac8 28. a4 Rxg1+ 29. Kxg1 Kg7 30. Kf2 Kf6 31. Ng2 Ng6 32. Ke3 Rc6 33. Kd3 Rb6 34. Ra2 Ke7 35. Kc2 Rc6 36. b3 Kd7 37. a5 Bc7 38. Ra4 Bb8 39. Kd3 b6 40. c4 dxc4+ 41. bxc4 bxa5 42. Rxa5 Rb6 43. Kc2 Rc6 44. Ra4 Nf6 45. Nc3 Nh5 46. d5 exd5 47. Nxd5 Ng7 48. Be3 Ne6 49. Nf6+ Kc8 50. Nd5 Kd7 51. h4 Nc5 52. Rb4 Na6 53. Ra4 Nc5 54. Ra1 Ne6 55. Kd3 Nc5+ 56. Bxc5 Rxc5 57. Ra6 Rc6 58. Rxc6 Kxc6 59. h5 Nf8 60. Ne7+ Kc5 61. Nxf5 Ne6 62. Nxh6 Nxf4+ 63. Nxf4 Bxf4 64. Nf7 a5 65. h6 Bxh6 66. Nxh6 a4 67. Kc3 a3 68. f4 a2 69. Kb2 Kxc4 70. f5 Kd5 71. f6 Ke6 72. f7 Ke7 73. Kxa2 Kf8 74. Kb3 Ke7 75. Kc4 Kf8 76. Kd5 Ke7 77. Ke5 Kf8 78. Ke6 Kg7 79. Ke7 Kh7 80. f8R 1-0

[Event "Copenhagen Challenge"]
[Site "Ballerup"]
[Date "2015.05.02"]
[Round "6"]
[White "Marinc, Damir"]
[Black "Andersen, Soren Mikkel"]
[Result "1/2-1/2"]
[WhiteElo "2059"]
[BlackElo "2123"]
[PlyCount "94"]
[EventDate "2015.04.29"]
[EventType "swiss"]
[EventRounds "9"]
[EventCountry "DEN"]
[SourceTitle "CBM 166 Extra"]
[Source "ChessBase"]
[SourceDate "2015.06.18"]
[SourceVersion "1"]
[SourceVersionDate "2015.06.18"]
[SourceQuality "1"]

1. e4 c5 2. Nf3 d6 3. d4 cxd4 4. Nxd4 Nf6 5. Nc3 a6 6. g3 b5 7. Bg2 Bb7 8. a3 e6 9. 0-0 Nbd7 10. Kh1 Rc8 11. Qe2 Be7 12. f4 Qc7 13. Bd2 Qc4 14. Qe3 0-0 15. h3 Bd8 16. Nb3 Bb6 17. Qe1 d5 18. e5 Ne4 19. Nxe4 dxe4 20. Rc1 Bd5 21. Be3 Qc6 22. Nd2 Bxe3 23. Qxe3 Nc5 24. b3 Qa8 25. c4 bxc4 26. Nxc4 Nd7 27. Nd6 Rxc1 28. Rxc1 f5 29. exf6 Nxf6 30. Re1 Qb8 31. Nxe4 Nxe4 32. Bxe4 Qxb3 33. Bxd5 Qxd5+ 34. Kh2 Re8 35. Re2 h6 36. Rd2 Qc6 37. Qd4 Rc8 38. h4 Kh8 39. Qd6 Qc4 40. Qd7 Qc1 41. h5 Qc5 42. Kg2 Qc4 43. Kh2 Rb8 44. Qf7 Qe4 45. Qg6 Qe3 46. Qd3 Qe1 47. Re2 Qf1 1/2-1/2

[Event "Copenhagen Challenge"]
[Site "Ballerup"]
[Date "2015.04.29"]
[Round "1"]
[White "Marinc, Damir"]
[Black "Ahlander, Bjorn"]
[Result "0-1"]
[WhiteElo "2059"]
[BlackElo "2380"]
[PlyCount "46"]
[EventDate "2015.04.29"]
[EventType "swiss"]
[EventRounds "9"]
[EventCountry "DEN"]
[SourceTitle "CBM 166 Extra"]
[Source "ChessBase"]
[SourceDate "2015.06.18"]
[SourceVersion "1"]
[SourceVersionDate "2015.06.18"]
[SourceQuality "1"]

1. d4 c5 2. e3 Nf6 3. Nf3 e6 4. Nbd2 b6 5. Bd3 Ba6 6. Qe2 Bxd3 7. Qxd3 Nc6 8. c3 Be7 9. 0-0 0-0 10. Re1 d5 11. e4 cxd4 12. e5 Nd7 13. cxd4 Nb4 14. Qb3 Qc8 15. Re3 Nc2 16. Rb1 Nxe3 17. fxe3 Qa6 18. Nf1 Rac8 19. Bd2 Qc4 20. Qxc4 Rxc4 21. Bc3 b5 22. a3 Nb6 23. N1d2 Rc6 0-1

[Event "Milan Crespi op-C 35th"]
[Site "Milan"]
[Date "2014.12.06"]
[Round "4"]
[White "Bonassi, Tommaso"]
[Black "Marinc, Damir"]
[Result "1-0"]
[WhiteElo "1981"]
[BlackElo "2049"]
[PlyCount "55"]
[EventDate "2014.12.04"]
[EventType "swiss"]
[EventRounds "7"]
[EventCountry "ITA"]
[SourceTitle "EXT 2017"]
[Source "ChessBase"]
[SourceDate "2016.10.25"]
[SourceVersion "1"]
[SourceVersionDate "2016.10.25"]
[SourceQuality "1"]

1. e4 e6 2. Nf3 d5 3. e5 c5 4. b4 c4 5. c3 Bd7 6. d4 cxd3 7. Bxd3 Qc7 8. 0-0 Nc6 9. Re1 Nge7 10. Bf4 f5 11. h3 h6 12. h4 g6 13. Na3 a6 14. Rc1 Qd8 15. Qd2 Nc8 16. Bh2 b5 17. h5 Rg8 18. Nc2 N8e7 19. hxg6 Rxg6 20. Qe2 Qb6 21. Nh4 Rg4 22. Nxf5 exf5 23. e6 Bc8 24. Bxf5 Rg5 25. Bh3 Bb7 26. Bf4 Rg6 27. Qh5 0-0-0 28. Qxg6 1-0

[Event "SLO-chT1 West"]
[Site "Ljubljana"]
[Date "2014.10.11"]
[Round "5"]
[White "Marinc, Damir"]
[Black "Bulic, Josip"]
[Result "0-1"]
[WhiteElo "2044"]
[BlackElo "2215"]
[PlyCount "49"]
[EventDate "2014.10.03"]
[EventType "team-tourn"]
[EventRounds "9"]
[EventCountry "SLO"]
[SourceTitle "EXT 2019"]
[Source "ChessBase"]
[SourceDate "2018.10.10"]
[SourceVersion "1"]
[SourceVersionDate "2018.10.10"]
[SourceQuality "1"]
[WhiteTeam "Kocevje"]
[BlackTeam "Piran"]
[WhiteTeamCountry "SLO"]
[BlackTeamCountry "SLO"]

1. d4 d5 2. Nf3 Nf6 3. Bg5 Ne4 4. Bf4 Bf5 5. Nbd2 e6 6. e3 g5 7. Bg3 h5 8. h4 Nxg3 9. fxg3 Bd6 10. hxg5 Bxg3+ 11. Ke2 Bg4 12. Kd3 c5 13. c3 e5 14. Qa4+ Bd7 15. Qa3 e4+ 16. Kc2 exf3 17. Nxf3 Bf5+ 18. Kd2 c4 19. Be2 Nc6 20. b3 Bd6 21. Qb2 b5 22. Raf1 b4 23. Ke1 bxc3 24. Qc1 Bg3+ 25. Rf2 0-1

[Event "SLO-chT1 West"]
[Site "Ljubljana"]
[Date "2014.10.03"]
[Round "1"]
[White "Marinc, Damir"]
[Black "Kosmac, Blaz"]
[Result "1/2-1/2"]
[WhiteElo "2044"]
[BlackElo "2204"]
[PlyCount "106"]
[EventDate "2014.10.03"]
[EventType "team-tourn"]
[EventRounds "9"]
[EventCountry "SLO"]
[SourceTitle "EXT 2019"]
[Source "ChessBase"]
[SourceDate "2018.10.10"]
[SourceVersion "1"]
[SourceVersionDate "2018.10.10"]
[SourceQuality "1"]
[WhiteTeam "Kocevje"]
[BlackTeam "Tomo Zupan Vzajemna"]
[WhiteTeamCountry "SLO"]
[BlackTeamCountry "SLO"]

1. e4 c5 2. Nf3 e6 3. b3 d6 4. Bb2 Nf6 5. Bb5+ Nbd7 6. e5 dxe5 7. Nxe5 Be7 8. Qf3 0-0 9. Nxd7 Bxd7 10. Bxd7 Qxd7 11. 0-0 Rad8 12. d3 Qd5 13. Qh3 Qg5 14. Re1 Bd6 15. Na3 Ng4 16. g3 Qf5 17. Qg2 Ne5 18. Bxe5 Bxe5 19. Rad1 Rd7 20. Re4 Rfd8 21. Rde1 Bd4 22. Nc4 Rd5 23. Ne3 Bxe3 24. R1xe3 Qf6 25. a4 a6 26. Qf3 Qxf3 27. Rxf3 b5 28. Rfe3 Kf8 29. f4 Rd4 30. axb5 axb5 31. Kf2 g6 32. Kf3 Ke7 33. h4 h5 34. Re1 Ra8 35. Rxd4 cxd4 36. Ke4 Rd8 37. Ra1 f5+ 38. Kf3 Rc8 39. Ra2 Kd6 40. Ke2 Rc6 41. Kd2 e5 42. fxe5+ Kxe5 43. Ra1 f4 44. Re1+ Kf5 45. Rf1 Kg4 46. Rxf4+ Kxg3 47. Rxd4 g5 48. hxg5 h4 49. Re4 h3 50. Re3+ Kg4 51. Re4+ Kxg5 52. Re5+ Kg4 53. Re4+ Kg5 1/2-1/2

[Event "SLO-chT1 West"]
[Site "Ljubljana"]
[Date "2013.10.20"]
[Round "6"]
[White "Sansoni, Vojko"]
[Black "Marinc, Damir"]
[Result "0-1"]
[WhiteElo "1741"]
[BlackElo "2060"]
[PlyCount "72"]
[EventDate "2013.09.27"]
[EventType "team-tourn"]
[EventRounds "9"]
[EventCountry "SLO"]
[SourceTitle "EXT 2019"]
[Source "ChessBase"]
[SourceDate "2018.10.10"]
[SourceVersion "1"]
[SourceVersionDate "2018.10.10"]
[SourceQuality "1"]
[WhiteTeam "Podpec SD"]
[BlackTeam "Kocevje"]
[WhiteTeamCountry "SLO"]
[BlackTeamCountry "SLO"]

1. d4 Nf6 2. Nc3 d5 3. Bg5 Bf5 4. e3 c6 5. Nf3 Nbd7 6. Bd3 Bg6 7. 0-0 Qc7 8. Bf4 Qc8 9. h3 e6 10. a3 Be7 11. Ne5 Nxe5 12. Bxe5 0-0 13. Ne2 c5 14. c3 Qc6 15. Qd2 c4 16. Bc2 a6 17. f4 Ne4 18. Bxe4 Bxe4 19. f5 Bxf5 20. Bh2 Bd3 21. Rf2 Bd6 22. Bxd6 Qxd6 23. Re1 f6 24. Nc1 Bg6 25. Qe2 Rae8 26. Qd2 Re7 27. Ref1 Rfe8 28. Re1 b5 29. Rf3 a5 30. Rf2 Rb7 31. Ref1 b4 32. axb4 axb4 33. cxb4 Rxb4 34. Qc3 Reb8 35. Rd1 Qa6 36. Rfd2 Qb6 0-1